Codice del processo amministrativo (Prima edizione)

Bibliographic Details
Main Author: Caputi Iambrenghi, Francesco
Format: eBook
Language:Italian
Published: Bari: Cacucci Editore, 2014
Subjects:
Online Access:Acceso restringido

MARC

LEADER 00000nam a22000007a 4500
005 20140714205458.0
007 cr|||| ||||
008 140714s2014 it |||||s|||| 00||0 ita d
020 |a 978-88-6611-362-1 
035 |a 12250 
040 |a vLex 
090 |c 5037  |d 5037 
100 1 |a Caputi Iambrenghi, Francesco 
245 1 0 |a Codice del processo amministrativo (Prima edizione)  |h [Recurso electrn̤ico] /  |c Francesco Caputi Iambrenghi 
256 |a Servicio en ln̕ea 
260 |a Bari:  |b Cacucci Editore,  |c 2014 
300 |a 1 recurso electrn̤ico 
506 1 |a Disponible solo en los productos indicados  |d vLex Global  |d vLex Global (Academic Edition, excluding Law Schools)  |d vLex Global (U.S. Academic Edition, Law Schools)  |d vLex Global (U.S. Academic Edition, excluding Law Schools)  |d vLex Global (Academic Edition, Law Schools) 
650 0 4 |a Procedimiento Administrativo  |z Italia 
740 0 |a vLex Libros (Servicio en ln̕ea) 
856 4 0 |u http://vlex.com/source/codice-processo-amministrativo-prima-edizione--12250  |z Acceso restringido 
942 |c BOOK 
999 0 |a Administrative Procedure